000 01644namaa2200349 i 4500
003 EG-GICUC
005 20260630112226.0
008 260630s1993 ua ||||jr|||| 00| 0 ara d
017 _a1994 / 3674
_bدار الكتب والوثائق القومية (مصر)
020 _a977256700x
040 _aEG-GiCUC
_bara
_cEG-GiCUC
_dEG-GiCUC
_erda
043 _aa-su---
082 0 4 _221
_a239
_bA966s
092 0 4 _221
_a239
_bA966s
099 _a239 A966s
100 1 _aالعوده، سليمان بن حمد
_eمؤلف.
245 1 2 _aالسيرة النبوية فى الصحيحين وعند ابن اسحق :
_bدراسة مقارنة فى العهد المكى /
_cتأليف الدكتور سليمن بن حمد العودة
250 _aالطبعة الاولى
264 _aالقاهرة (مصر) :
_bهجر للطباعة والنشر والتوزيع والاعلان،
_c1993.
300 _a442 صفحة
_b؛
_c24 سم
336 _2rdacontent
_atext
337 _2rdamedia
_aUnmediated
338 _2rdacarrier
_avolume
490 _aسلسلة نشر الرسائل الجامعية ؛
_v14.
500 _aعلى الغلاف طبع على نفقة خادم الحرمين الشريفين الملك فهد بن عبد العزيز وفقه الله بمناسبة افتتاح المدينة الجامعية
504 _aيشتمل على ارجاعات ببليوجرافية
541 _aد. حسنين ربيع ؛
_bالقاهرة ؛
_cإهداء ؛
_d2024.
650 1 7 _aالسيرة النبوية
_2qrmak
651 1 _2qrmak
_aمكة المكرمة
_xتاريخ
905 _aNermeen
942 _2ddc
_cBK
_e21
_n0
999 _c180656
_d180656